Kluby piłkarskie Lacjum - nagła śmierć - Statystyki

Ogólne statystyki
  • Ten quiz został rozwiązany 21 razy
  • Średni wynik to 4 z 16
Answers on the Grid
Answers color-coded by a green-red scale on the quiz's grid according to % correct below.
ASD Flaminia Civita Castellana
FC Fossombrone
AS Ostia Mare Lido Calcio
Roma City
Termoli Calcio 1920
Sora Calcio 1907
S.S. Lazio
Civitanovese Calcio
Fermana FC
Frosinone Calcio
Terracina Calcio 1925
Sorrento 1935
Trastevere Calcio
Latina Calcio 1932
A.S.D. Ilvamaddalena 1903
Anzio Calcio 1924
Paganese Calcio 1926
ASD Nuova Cassino 1924
SS Monopoli 1966
Cynthialbalonga Calcio
Guidonia Montecelio 1937 FC
SSD Puteolana 1902
Gelbison Cilento
AS Roma
Real Monterotondo Scalo
US Savoia 1908
Atletico Lodigiani
SCD Progresso Calcio
 
Statystyki odpowiedzi
Odpowiedź % Poprawnych
AS Roma
100%
S.S. Lazio
100%
Latina Calcio 1932
71%
Roma City
29%
Terracina Calcio 1925
29%
Anzio Calcio 1924
14%
ASD Flaminia Civita Castellana
14%
ASD Nuova Cassino 1924
14%
AS Ostia Mare Lido Calcio
14%
Atletico Lodigiani
14%
Cynthialbalonga Calcio
14%
Frosinone Calcio
14%
Sora Calcio 1907
14%
Guidonia Montecelio 1937 FC
0%
Real Monterotondo Scalo
0%
Trastevere Calcio
0%
Nie znaleziono quizów pasujących do podanych kryteriów
Rozkład punktacji
Procent ludzi z każdym wynikiem
Percentyl według liczby udzielonych odpowiedzi
Twoja historia wyników
Nie rozwiązałeś tego quizu